The magnetic field

Збережено в:
Бібліографічні деталі
Автор: Lang, Johannes G (Автор)
Формат: Книга
Мова:Англійська
Опубліковано: Londres Heyden & Son 1978
Серія:Pi, 3
Предмети:
Теги: Додати тег
Немає тегів, Будьте першим, хто поставить тег для цього запису!

MARC

LEADER 00000nam a2200000 a 4500
001 UCU3738
003 CL-VaPUC
008 960510e19780000UK |||||||||||||||||eng|d
082 0 4 |a 538.72  |b LAN  |2 21 
100 0 |a Lang, Johannes G  |e author  |9 360842 
245 1 4 |a The magnetic field 
300 |a 67 p 
942 |c BK 
945 |d 19960510 00:00:00  |a paguirre 
260 |a Londres  |b Heyden & Son  |c 1978 
650 7 |a CAMPOS MAGNETICOS  |2 CL-VaPUC  |9 360843 
650 0 |a Magnetismo  |9 260336 
650 7 |a IMANES  |2 CL-VaPUC  |9 360844 
650 0 |a Moléculas   |9 259584 
650 0 |a Geomagnetismo  |9 359548 
583 |a last modification  |c 19960510 00:00:00  |k Rodrigo Vera 
490 0 |a Pi, 3 
999 |c 247644  |d 247642